Immigration de Suisse par pays - Statistiques

Statistiques générales
  • Ce quiz a été pris 162 fois
  • Le résultat moyen est 12 sur 20
Statistiques - réponses
# Pays % Correct
141,784 France
99%
325,088 Italie
97%
310,453 Allemagne
95%
85,646 Espagne
87%
263,168 Portugal
85%
44,016 Autriche
78%
41,693 Royaume-Uni
77%
34,503 Pologne
68%
66,464 Turquie
59%
60,573 Serbie
57%
21,445 Pays-Bas
56%
28,366 Croatie
52%
114,248 Kosovo
49%
20,896 Roumanie
49%
24,401 Hongrie
46%
28,905 Bosnie-Herzégovine
39%
67,289 Macédoine du Nord
26%
21,623 Brésil
21%
29,601 Érythrée
11%
26,356 Sri Lanka
8%
Aucun quiz correspondant
Distribution des résultats
% des personnes avec chaque résultat
Percentile par nombre de réponses
Votre historique - résultats
Vous n’avez pas pris ce quiz